Recopilación de leyes, ordenanzas, reglamentos y demas disposiciones vigentes en el territorio municipal de Valparaíso sobre la administración local, formada por el secretario de la Alcaldía don Fidel Barra y por el prosecretario don Francisco Chacón C. y aprobada por la Ilustre Municipalidad en sesión de 15 de Marzo de 1901
Αποθηκεύτηκε σε:
| Μορφή: | Βιβλίο |
|---|---|
| Γλώσσα: | Ισπανικά |
| Έκδοση: |
Valparaíso
Dabra
1902
|
| Θέματα: | |
| Ετικέτες: |
Προσθήκη ετικέτας
Δεν υπάρχουν, Καταχωρήστε ετικέτα πρώτοι!
|
MARC
| LEADER | 00000nam a2200000 a 4500 | ||
|---|---|---|---|
| 001 | UCY4085 | ||
| 003 | CL-VaPUC | ||
| 008 | 950227e19020000CL |||||||||||||||||spa|d | ||
| 082 | 0 | 4 | |a 348.025 |b REC |2 21 |
| 245 | 1 | 0 | |a Recopilación de leyes, ordenanzas, reglamentos y demas disposiciones vigentes en el territorio municipal de Valparaíso sobre la administración local, formada por el secretario de la Alcaldía don Fidel Barra y por el prosecretario don Francisco Chacón C. y aprobada por la Ilustre Municipalidad en sesión de 15 de Marzo de 1901 |
| 300 | |a 1110 p | ||
| 942 | |c BK | ||
| 945 | |d 19950227 00:00:00 |a aalvarez | ||
| 260 | |a Valparaíso |b Dabra |c 1902 | ||
| 650 | 7 | |a DERECHO MUNICIPAL 1010-1900 |2 CL-VaPUC |9 332494 | |
| 651 | 7 | |a CHILE |2 CL-VaPUC |9 332495 | |
| 583 | |a last modification |c 19950227 00:00:00 |k Rodrigo Vera | ||
| 999 | |c 232052 |d 232050 | ||
| 952 | |0 0 |1 0 |4 0 |6 348_025000000000000_REC_1902 |7 0 |8 X |9 236054 |a BIBDER |b BIBDER |d 2019-11-15 |i 3060764 |o 348.025 REC 1902 |p 3060764 |r 2023-01-25 |w 2019-11-15 |y BK_X |k DER | ||
| 952 | |0 0 |1 0 |2 ddc |4 0 |5 1 |6 348_025000000000000_REC_1902 |7 1 |8 C_LRYV |9 236055 |a FDOBRV |b BIBDER |d 2019-11-15 |i 1892835 |o 348.025 REC 1902 |p 1892835 |r 2023-01-25 |w 2019-11-15 |y BK_X |k BRV | ||
| 952 | |0 0 |1 0 |2 ddc |4 0 |5 1 |6 348_025000000000000_REC_1902 |7 1 |8 C_LRYV |9 236056 |a FDOBRV |b BIBDER |d 2019-11-15 |i 1955748 |o 348.025 REC 1902 |p 1955748 |r 2023-01-25 |w 2019-11-15 |y BK_X |k BRV | ||
| 952 | |0 0 |1 0 |4 0 |6 348_025000000000000_REC_1902 |7 0 |8 X |9 236057 |a BIBHIS |b BIBHIS |d 2019-11-15 |i 1387782 |o 348.025 REC 1902 |p 1387782 |r 2024-01-30 |w 2019-11-15 |y BK_X |k HIS | ||
| 952 | |0 0 |1 0 |4 0 |6 348_025000000000000_REC_1902 |7 0 |8 X |9 236058 |a BIBHIS |b BIBHIS |d 2019-11-15 |i 1291009 |o 348.025 REC 1902 |p 1291009 |r 2024-01-30 |w 2019-11-15 |y BK_X |k HIS | ||